La objeción de conciencia en el derecho español e italiano: (Registro nro. 902)

Detalles MARC
000 -Cabecera
Campo de control interno 00522nam a2200181Ia 4500
005 - Fecha y hora del registro
control field 20260306140552.0
008 - Elementos de Longitud Fija
fixed length control field 260306t1990||||xx |||||||||||||| ||spa||
041 ## - Idioma
Codigo Idioma ESP
082 ## - DEWEY y NOTACIÓN INTERNA
Dewey 172.42
Notación Interna U61
100 ## - AUTOR
Autor denominación Universidad de Murcia
Término de relación autor
245 #0 - TÍTULO DE MATERIAL BIBLIOGRÁFICO
Título La objeción de conciencia en el derecho español e italiano:
Título paralelo jornadas celebradas en Murcia los días 12 al 14 de abril de 1989
260 ## - CIUDAD, EDITORIAL, AÑO
Año 1990
300 ## - DESCRIPCIÓN
N° Páginas 217 páginas :
Dimensiones 20 cm.
650 ## - TEMAS
Temas Generalidades
654 ## - PROGRAMAS
Programa Dpto. de Humanidades
942 ## - ELEMENTOS DE KOHA
Tipo de documento Libro
Nombre del creador Justo Noguera
Código de catalogador Justo Noguera
Esquema de clasificación Dewey Decimal Classification
Suppress in OPAC
Existencias
Codigo completo Registro Colección Copia número Disponibilidad Tipo de préstamo Biblioteca Actual Procedencia (Biblioteca) Ubicacón Fecha Ingreso Tipo de Adquisición Date last seen Total checkouts Price effective from Tipo de Item Estado del Material Fuente de Clasificación Damaged status Withdrawn status
172.42 U61 1050993 Colección Navarra 1 Disponible Disponible Víctor Andrés Belaunde Víctor Andrés Belaunde Planta baja abierta 03/06/2026 Donación 06/03/2026   06/03/2026 Libro Bueno Dewey Decimal Classification